| Tag |
First Indicator |
Second Indicator |
Subfields |
| LEADER |
00000nam a2200000 a 4500 |
| 001 |
in00004756713 |
| 006 |
m|||||o||d|||||||| |
| 007 |
cr ||||||||||| |
| 008 |
130912s1996 enk fo| 001|0|eng d |
| 005 |
20231120174003.7 |
| 020 |
|
|
|a 9781446280355 (ebook) :
|c No price
|
| 035 |
|
|
|a (OCoLC)875378413
|
| 035 |
|
|
|a (StDuBDS)EDZ0000158722
|
| 040 |
|
|
|a StDuBDS
|b eng
|c StDuBDS
|e pn
|
| 050 |
|
0 |
|a HF5681.B2
|b T39 1996
|
| 082 |
0 |
4 |
|a 657.3
|2 23
|
| 100 |
1 |
|
|a Taylor, P. A.
|q (Paul Anthony),
|d 1950-
|
| 245 |
1 |
0 |
|a Consolidated financial reporting /
|c by P.A. Taylor.
|
| 260 |
|
|
|a London :
|b Paul Chapman,
|c 1996.
|
| 300 |
|
|
|a 1 online resource (ix, 372 pages)
|
| 336 |
|
|
|a text
|b txt
|2 rdacontent
|
| 337 |
|
|
|a computer
|b c
|2 rdamedia
|
| 338 |
|
|
|a online resource
|b cr
|2 rdacarrier
|
| 504 |
|
|
|a Includes bibliographical references and index.
|
| 520 |
8 |
|
|a This book introduces and examines what is currently the most central and controversial area in financial reporting. It is designed so that readers with particular interests can easily find their way through clearly marked sections.
|
| 521 |
|
|
|a Specialized.
|
| 588 |
|
|
|a Description based on print version record.
|
| 650 |
|
0 |
|a Financial statements, Consolidated.
|
| 655 |
|
7 |
|a Electronic books.
|2 local
|
| 710 |
2 |
|
|a Sage Publications.
|
| 776 |
0 |
8 |
|i Print version :
|z 9781853962509
|
| 856 |
4 |
0 |
|u http://proxy.library.tamu.edu/login?url=https://sk.sagepub.com/books/consolidated-financial-reporting
|z Connect to the full text of this electronic book
|t 0
|
| 955 |
|
|
|a SAGE Knowledge
|
| 999 |
f |
f |
|s a65040bd-0abf-4f55-b79e-8f116d91c436
|i 2c13e198-23b7-46a5-8a02-6e46bd10792d
|t 0
|
| 952 |
f |
f |
|a Texas A&M University
|b College Station
|c Electronic Resources
|d Available Online
|t 0
|e HF5681.B2 T39 1996
|h Library of Congress classification
|
| 998 |
f |
f |
|a HF5681.B2 T39 1996
|t 0
|l Available Online
|